h1

h2

h3

h4

h5
h6
000824304 001__ 824304
000824304 005__ 20260126090808.0
000824304 0247_ $$2ISSN$$a0179-079X
000824304 0247_ $$2datacite_doi$$a10.18154/RWTH-2021-07519
000824304 037__ $$aRWTH-2021-07519
000824304 041__ $$aGerman
000824304 082__ $$a370
000824304 1001_ $$0P:(DE-82)IDM02384$$aBergner, Nadine$$b0$$urwth
000824304 245__ $$aLehramtsstudierende auf die Probe gestellt : Frühe Unterrichtspraxis in Lehr-Lern-Laboren$$honline, print
000824304 260__ $$aAachen$$bRWTH$$c2018
000824304 3367_ $$00$$2EndNote$$aJournal Article
000824304 3367_ $$0PUB:(DE-HGF)16$$2PUB:(DE-HGF)$$aJournal Article$$bjournal$$mjournal$$xReview Article
000824304 3367_ $$0PUB:(DE-HGF)7$$2PUB:(DE-HGF)$$aContribution to a book
000824304 3367_ $$2BibTeX$$aARTICLE
000824304 3367_ $$2DRIVER$$aarticle
000824304 3367_ $$2DataCite$$aOutput Types/Journal article
000824304 3367_ $$2ORCID$$aJOURNAL_ARTICLE
000824304 536__ $$0G:(DE-82)LBZ-01$$aLBZ-01 - Publikationen Lehramt RWTH Aachen aus der Fakultät 1 (LBZ-01)$$cLBZ-01$$x0
000824304 536__ $$0G:(DE-82)LBZ$$aLBZ - Publikationen Lehramt RWTH Aachen (LBZ)$$cLBZ$$x2
000824304 536__ $$0G:(DE-82)LBZ-09$$aLBZ-09 - Publikationen Lehramt RWTH Aachen aus der Fakultät 9 (LBZ-09)$$cLBZ-09$$x1
000824304 591__ $$aGermany
000824304 7001_ $$0P:(DE-82)108961$$aRoeckerath, Christina$$b1$$urwth
000824304 770__ $$aLehramt im Fokus / Redaktionsleitung: Angelika Hamacher, Renate Kinny; Redaktionelle Mitarbeit: Rauke Xenia Bornefeld
000824304 773__ $$0PERI:(DE-600)2140738-1$$p46-51$$tRWTH-Themen : Forschungsmagazin$$v2017/18$$x0179-079X$$y2018
000824304 7870_ $$0RWTH-2019-01723$$iHasPart
000824304 8564_ $$uhttps://www.rwth-aachen.de/global/show_document.asp?id=aaaaaaaaaazptfb$$yFulltext
000824304 8564_ $$uhttps://publications.rwth-aachen.de/record/824304/files/824304.pdf$$yOpenAccess
000824304 909CO $$ooai:publications.rwth-aachen.de:824304$$pdnbdelivery$$pdriver$$popen_access$$popenaire$$qVDB
000824304 9151_ $$0StatID:(DE-HGF)0021$$2StatID$$aNo peer reviewed article$$x0
000824304 915__ $$0StatID:(DE-HGF)0510$$2StatID$$aOpenAccess
000824304 9141_ $$y2018
000824304 9101_ $$0I:(DE-588b)36225-6$$6P:(DE-82)IDM02384$$aRWTH Aachen$$b0$$kRWTH
000824304 9101_ $$0I:(DE-588b)36225-6$$6P:(DE-82)108961$$aRWTH Aachen$$b1$$kRWTH
000824304 9201_ $$0I:(DE-82)122420_20140620$$k122420$$lLehr- und Forschungsgebiet Informatik 9 (Lerntechnologien)$$x0
000824304 9201_ $$0I:(DE-82)120000_20140620$$k120000$$lFachgruppe Informatik$$x1
000824304 9201_ $$0I:(DE-82)115010_20140620$$k115010$$lLehrstuhl für Angewandte und Computergestützte Mathematik$$x2
000824304 9201_ $$0I:(DE-82)110000_20140620$$k110000$$lFachgruppe Mathematik$$x3
000824304 961__ $$c2021-08-04T18:30:08.564319$$x2021-08-04T18:30:08.564319$$z2021-08-05
000824304 9801_ $$aFullTexts
000824304 980__ $$aI:(DE-82)110000_20140620
000824304 980__ $$aI:(DE-82)115010_20140620
000824304 980__ $$aI:(DE-82)120000_20140620
000824304 980__ $$aI:(DE-82)122420_20140620
000824304 980__ $$aUNRESTRICTED
000824304 980__ $$aVDBINPRINT
000824304 980__ $$acontb
000824304 980__ $$ajournal